000 00737nam a2200217 a 4500
999 _c5935
_d5935
001 5935
003 BD-JhCC
005 20180101123323.0
008 171230s2016 bg |||| ||a| 000 0 ben d
020 _a9789849132080
035 _a(BD-JhCC) 5935
040 _aBD-JhCC
_dBD-JhCC
041 _aben
082 _223
_a796.334668
_bBAS 2016
100 _a বাশার, আবুল হাসান মুহম্মদ
245 _aবিশ্বকাপের দিনলিপি /
_cআবুল হাসান মুহম্মদ বাশার
260 _aঢাকা :
_bপ্রান্ত প্রকাশন,
_c২০১৬.
300 _a144 p . :
_c21 cm.
650 _aWorld Cup Football
942 _2ddc
_cBK